|
|
|
|
| LEADER |
00000nam a22000007a 4500 |
| 005 |
20130215133826.0 |
| 007 |
cr|||| |||| |
| 008 |
130215e2012 sp |||||s|||| 00| 0 spa d |
| 020 |
|
|
|a 841500060X
|
| 035 |
|
|
|a 6755
|
| 040 |
|
|
|a vLex
|
| 090 |
|
|
|c 3661
|d 3661
|
| 100 |
1 |
0 |
|a Rojas Rivero, Gloria P.
|
| 245 |
1 |
3 |
|a La ejecucin̤ de sentencias en la Ley 36/2011, de 10 de octubre, Reguladora de la Jurisdiccin̤ Social
|h [Recurso electrn̤ico]
|
| 256 |
|
|
|a Servicio en ln̕ea
|
| 260 |
|
|
|a Albacete :
|b Editorial Bomarzo,
|c 2012
|
| 300 |
|
|
|a 1 Recurso electrn̤ico
|
| 650 |
0 |
4 |
|a Procedimiento laboral
|z Espaą
|
| 740 |
|
|
|a vLex Libros (Servicio en ln̕ea)
|
| 856 |
|
|
|a Acceso restringido
|u http://www.vlex.es/source/6755
|
| 942 |
|
|
|c BOOK
|
| 999 |
|
0 |
|a Labor courts
|